| 000 | 01013nam a2200277Ia 4500 | ||
|---|---|---|---|
| 003 | OSt | ||
| 005 | 20220923211225.0 | ||
| 006 | a|||||r|||| 00| 0 | ||
| 007 | ta | ||
| 008 | 220922b |||||||| |||| 00| 0 hin d | ||
| 020 |
_a9788170287674 (pbk) _c99 |
||
| 024 | _a324,839 | ||
| 037 |
_b397, 12/03/2018, Eastern Book Linkers _cTextual |
||
| 040 |
_aARTS _cARTS _bhin |
||
| 041 |
_2hin _ahin |
||
| 082 | _aO157,1M61x, 152Q5 | ||
| 100 |
_aटैगोर, रवीन्द्रनाथ, ले. _9159942 |
||
| 245 | 0 | _aपथ का गीत | |
| 246 | _aPath kā gīta | ||
| 260 |
_aदिल्ली _b राजपाल एण्ड सन्ज़ _c2015 |
||
| 300 |
_a110पृ. _ccm. |
||
| 650 |
_a बंगाली साहित्य _9156264 |
||
| 650 | _aबंगाली कविता | ||
| 942 |
_hO157,1M61x, 152Q5 _cTEXL _2CC |
||
| 999 |
_c297226 _d297226 |
||